Vyšetření vlivu žíhání na stárnutí a mechanické vlastnosti oceli /

Salvato in:
Dettagli Bibliografici
Autore principale: Vrtěl, J (Autore)
Natura: Libro
Lingua:ceco
Pubblicazione: Praha : SVÚMT, 1965
Soggetti:
Tags: Aggiungi Tag
Nessun Tag, puoi essere il primo ad aggiungerne!!

MARC

LEADER 00000nam a22000003a 4500
001 stu44170
005 20150617225718.9
008 950201s1965----cs------------------cze-d
040 |a STU  |b slo 
041 0 |a cze 
044 |a cs 
080 |a 669.14 
080 |a 621.785.3  |7 stu_us_auth*stu7468 
100 1 |a Vrtěl, J  |4 aut 
245 1 |a Vyšetření vlivu žíhání na stárnutí a mechanické vlastnosti oceli /  |c [aut.]J. Vrtěl 
260 |a Praha :  |b SVÚMT,  |c 1965 
300 |a 113 s 
650 7 |a oceľ  |2 stusub 
650 7 |a žíhanie  |2 stusub 
650 7 |a vlastnosti  |2 stusub 
996 |b 284M062272  |c M*3206-1  |l MMKN  |s A  |a 24  |w stu44170_0001